European capitals by highest population - Statistics

General Stats
  • This quiz has been taken 52 times
  • The average score is 7 of 10
Answer Stats
Position Population Answer % Correct
1 13.3 Moscow
100%
3 3.9 Berlin
98%
2 8.9 London
98%
4 3.4 Madrid
93%
6 2.8 Rome
73%
7 2.0 Paris
70%
5 3.0 Kyiv
66%
8 2.0 Vienna
48%
9 2.0 Minsk
43%
10 1.9 Warsaw
36%
No matching quizzes found
Score Distribution
Percent of People with Each Score
Percentile by Number Answered
Your Score History
You have not taken this quiz